00394cam a2200157ua 45000010005000000080039000050400009000440410008000530820008000611000030000692450066000992500009001652600033001743000010002076530019002177195141203n ii |||gr||||Z||||||asm cMAIN aasm a954 aGoswami, Pankaj,eAuthor. aPrachin bharatar bijnan aru projukti bidyacBy Pankaj Goswami a1st. aDibrugarh:bKaustubh,c2005. a114p. aIndian history